[Event "Anogia op 8th"]
[Site "Anogia"]
[Date "2019.08.23"]
[Round "7"]
[White "Kotsinis, Alexandros"]
[Black "Tsekmes, Dimitrios"]
[Result "1/2-1/2"]
[WhiteElo "2007"]
[BlackElo "2190"]
[PlyCount "79"]
[EventDate "2019.08.18"]
[EventType "swiss"]
[EventRounds "9"]
[EventCountry "GRE"]
[SourceTitle "EXT 2020"]
[Source "ChessBase"]
[SourceDate "2019.10.17"]
[SourceVersion "1"]
[SourceVersionDate "2019.10.17"]
[SourceQuality "1"]

1. d4 Nf6 2. c4 e6 3. g3 d5 4. Nf3 dxc4 5. Bg2 Bb4+ 6. Bd2 a5 7. Qc2 Nc6 8. Qxc4 Qd5 9. Qd3 Qe4 10. Qc4 b5 11. Qd3 Qxd3 12. exd3 Rb8 13. 0-0 Bd6 14. Rc1 Bd7 15. Nc3 0-0 16. Ne4 Rfd8 17. a3 Nd5 18. Be3 Be8 19. Rc2 b4 20. Nfd2 Bf8 21. Kf1 e5 22. dxe5 Nxe5 23. d4 Bb5+ 24. Kg1 Ng4 25. axb4 Bxb4 26. Nc4 Bxc4 27. Rxc4 Ngxe3 28. fxe3 Nxe3 29. Rxc7 Nxg2 30. Kxg2 Rxd4 31. Ng5 Rd2+ 32. Kh3 Rxb2 33. Rd1 h6 34. Nxf7 Bf8 35. Ne5 R2b7 36. Rc6 a4 37. Ra6 a3 38. Nd7 Rb1 39. Rxb1 Rxb1 40. Nxf8 1/2-1/2

[Event "Thessaloniki Vardaris op 5th"]
[Site "Thessaloniki"]
[Date "2019.03.09"]
[Round "3"]
[White "Tsekmes, Dimitrios"]
[Black "Vallejo Pons, Francisco"]
[Result "0-1"]
[WhiteElo "2138"]
[BlackElo "2698"]
[PlyCount "61"]
[EventDate "2019.03.07"]
[EventType "swiss"]
[EventRounds "7"]
[EventCountry "GRE"]
[SourceTitle "CBM 189 Extra"]
[Source "ChessBase"]
[SourceDate "2019.06.03"]
[SourceVersion "1"]
[SourceVersionDate "2019.06.03"]
[SourceQuality "1"]

1. e4 c5 2. Nf3 e6 3. d4 cxd4 4. Nxd4 a6 5. Nc3 b5 6. Bd3 Bb7 7. 0-0 Nc6 8. Nxc6 Bxc6 9. Qe2 Qb8 10. a4 b4 11. Nd5 Bd6 12. h3 Ne7 13. Nxe7 Bxe7 14. Bxa6 0-0 15. Be3 Bxe4 16. Bb5 Rc8 17. c4 bxc3 18. bxc3 d5 19. f3 Bg6 20. Bd4 Bd6 21. Qb2 Qc7 22. Rfc1 Bf4 23. Rd1 h5 24. Re1 e5 25. Be3 Bg3 26. Bf2 Bxf2+ 27. Kxf2 e4 28. fxe4 Bxe4 29. c4 Qb6+ 30. Kg3 Rxc4 31. Kh2 0-1

[Event "Anogia op 7th"]
[Site "Anogia"]
[Date "2018.08.18"]
[Round "3"]
[White "Tsekmes, Dimitrios"]
[Black "Paszewski, Mateusz"]
[Result "0-1"]
[WhiteElo "2162"]
[BlackElo "2274"]
[PlyCount "82"]
[EventDate "2018.08.17"]
[EventType "swiss"]
[EventRounds "9"]
[EventCountry "GRE"]
[SourceTitle "CBM 186 Extra"]
[Source "ChessBase"]
[SourceDate "2018.08.24"]
[SourceVersion "1"]
[SourceVersionDate "2018.08.24"]
[SourceQuality "1"]

1. e4 c5 2. Ne2 Nf6 3. Nbc3 d6 4. g3 g6 5. Bg2 Nc6 6. d4 cxd4 7. Nxd4 Nxd4 8. Qxd4 Bg7 9. Nd5 0-0 10. Nxf6+ Bxf6 11. Qd3 Be6 12. 0-0 Qc7 13. Re1 Rab8 14. c3 b5 15. a3 a5 16. Be3 Rfc8 17. Rac1 Qd7 18. Qd2 Bc4 19. h4 Rd8 20. Bf4 Qc7 21. Kh2 Bg7 22. h5 Qc5 23. h6 Qh5+ 24. Kg1 Bf6 25. Be3 g5 26. Ba7 Rbc8 27. Bb6 Re8 28. Bxa5 Qxh6 29. Bb6 Qg7 30. f3 h5 31. Kf2 h4 32. Bd4 e5 33. Be3 g4 34. Rg1 Be6 35. Bh3 gxh3 36. gxh4 Bxh4+ 37. Ke2 Bc4+ 38. Kd1 Bg3 39. Bf2 h2 40. Kc2 hxg1Q 41. Rxg1 Re6 0-1

[Event "Thessaloniki White Tower op 40th"]
[Site "Thessaloniki"]
[Date "2018.01.08"]
[Round "9"]
[White "Quparadze, Giga"]
[Black "Tsekmes, Dimitrios"]
[Result "1-0"]
[WhiteElo "2499"]
[BlackElo "2110"]
[PlyCount "79"]
[EventDate "2018.01.02"]
[EventType "swiss"]
[EventRounds "9"]
[EventCountry "GRE"]
[SourceTitle "CBM 182 Extra"]
[Source "ChessBase"]
[SourceDate "2018.02.23"]
[SourceVersion "1"]
[SourceVersionDate "2018.02.23"]
[SourceQuality "1"]

1. e4 e5 2. Nf3 Nc6 3. Bb5 a6 4. Ba4 Nf6 5. 0-0 Be7 6. Re1 b5 7. Bb3 d6 8. c3 0-0 9. h3 Nb8 10. d4 Nbd7 11. Nbd2 Bb7 12. Bc2 Re8 13. a4 Bf8 14. Bd3 c6 15. b3 g6 16. Qc2 Rc8 17. Bb2 Bg7 18. Bf1 Nh5 19. g3 Qb6 20. Bg2 exd4 21. cxd4 c5 22. d5 Bxb2 23. Qxb2 Ne5 24. Nxe5 dxe5 25. axb5 axb5 26. Nf1 f6 27. Ne3 Re7 28. Kh2 Ng7 29. Qd2 Ne8 30. f4 h5 31. Rf1 Qc7 32. f5 g5 33. Qe2 Nd6 34. Qxh5 Rf7 35. Ng4 Kf8 36. Qg6 Ke7 37. Nh6 Rh8 38. Nxf7 Nxf7 39. Qg7 Qb8 40. Rfd1 1-0

[Event "Thessaloniki White Tower op 40th"]
[Site "Thessaloniki"]
[Date "2018.01.07"]
[Round "8"]
[White "Tsekmes, Dimitrios"]
[Black "Antova, Gabriela"]
[Result "1-0"]
[WhiteElo "2110"]
[BlackElo "2260"]
[PlyCount "39"]
[EventDate "2018.01.02"]
[EventType "swiss"]
[EventRounds "9"]
[EventCountry "GRE"]
[SourceTitle "CBM 182 Extra"]
[Source "ChessBase"]
[SourceDate "2018.02.23"]
[SourceVersion "1"]
[SourceVersionDate "2018.02.23"]
[SourceQuality "1"]

1. e4 c5 2. Nf3 d6 3. d4 cxd4 4. Nxd4 Nf6 5. Nc3 a6 6. Bg5 e6 7. f4 b5 8. e5 dxe5 9. fxe5 Qc7 10. Qe2 Nfd7 11. 0-0-0 Bb7 12. Qg4 Qxe5 13. Be2 b4 14. Rhe1 h5 15. Qh4 g6 16. Nxe6 fxe6 17. Bc4 bxc3 18. Rxe5 cxb2+ 19. Kb1 Nxe5 20. Rd8+ 1-0

[Event "Thessaloniki White Tower op 40th"]
[Site "Thessaloniki"]
[Date "2018.01.06"]
[Round "7"]
[White "Magalashvili, Davit"]
[Black "Tsekmes, Dimitrios"]
[Result "1-0"]
[WhiteElo "2506"]
[BlackElo "2110"]
[PlyCount "42"]
[EventDate "2018.01.02"]
[EventType "swiss"]
[EventRounds "9"]
[EventCountry "GRE"]
[SourceTitle "CBM 182 Extra"]
[Source "ChessBase"]
[SourceDate "2018.02.23"]
[SourceVersion "1"]
[SourceVersionDate "2018.02.23"]
[SourceQuality "1"]

1. Nf3 d5 2. g3 Nf6 3. Bg2 c6 4. 0-0 Bf5 5. d3 e6 6. Nh4 Bg4 7. h3 Bh5 8. Qe1 Be7 9. f4 Nfd7 10. Nf3 0-0 11. g4 Bg6 12. e4 dxe4 13. dxe4 f6 14. Nc3 e5 15. f5 Bf7 16. Qg3 g5 17. fxg6 hxg6 18. g5 Nc5 19. Be3 Nbd7 20. Rad1 Ne6 21. Kh1 a5 1-0

[Event "Thessaloniki White Tower op 40th"]
[Site "Thessaloniki"]
[Date "2018.01.03"]
[Round "2"]
[White "Tsekmes, Dimitrios"]
[Black "Papakonstantinou, Dimitrios"]
[Result "0-1"]
[WhiteElo "2110"]
[BlackElo "2320"]
[PlyCount "58"]
[EventDate "2018.01.02"]
[EventType "swiss"]
[EventRounds "9"]
[EventCountry "GRE"]
[SourceTitle "CBM 182 Extra"]
[Source "ChessBase"]
[SourceDate "2018.02.23"]
[SourceVersion "1"]
[SourceVersionDate "2018.02.23"]
[SourceQuality "1"]

1. e4 c5 2. Nf3 d6 3. Bb5+ Nd7 4. c3 Ngf6 5. Bd3 g6 6. Bc2 Bg7 7. d4 e5 8. 0-0 0-0 9. Re1 Qc7 10. a4 b6 11. d5 a6 12. Na3 Qd8 13. Nc4 Ne8 14. Ne3 Rb8 15. b3 b5 16. Bd2 Nb6 17. a5 Na8 18. Qb1 Nac7 19. g3 Nf6 20. Nh4 Ng4 21. Nxg4 Bxg4 22. f3 Bh3 23. Qd1 f5 24. c4 f4 25. Bd3 Bf6 26. Ng2 Bg5 27. g4 h5 28. Be2 hxg4 29. fxg4 f3 0-1

[Event "Paleochora op 10th"]
[Site "Paleochora"]
[Date "2017.07.24"]
[Round "7"]
[White "Tsekmes, Dimitrios"]
[Black "Mitsis, Georgios"]
[Result "0-1"]
[WhiteElo "2098"]
[BlackElo "2278"]
[PlyCount "66"]
[EventDate "2017.07.19"]
[EventType "swiss"]
[EventRounds "9"]
[EventCountry "GRE"]
[SourceTitle "EXT 2018"]
[Source "ChessBase"]
[SourceDate "2017.10.13"]
[SourceVersion "1"]
[SourceVersionDate "2017.10.13"]
[SourceQuality "1"]

1. e4 c5 2. Nf3 d6 3. Bb5+ Nd7 4. c3 Ngf6 5. Qe2 a6 6. Ba4 b5 7. Bc2 e5 8. d4 Be7 9. a4 Rb8 10. b3 0-0 11. d5 Re8 12. 0-0 Nf8 13. Na3 Bd7 14. Bd3 Qb6 15. Bd2 Ng6 16. g3 h6 17. Ra2 Bf8 18. Rfa1 Nxd5 19. axb5 axb5 20. c4 Nc7 21. cxb5 Nxb5 22. Nc4 Qd8 23. Ne3 Ne7 24. Bc4 Bc6 25. Qd3 Qd7 26. Nd5 Bxd5 27. Bxd5 Nxd5 28. Qxd5 Qe6 29. Qxe6 fxe6 30. b4 c4 31. Rc1 Rec8 32. Rac2 d5 33. Nxe5 Nd4 0-1

[Event "Paleochora op 10th"]
[Site "Paleochora"]
[Date "2017.07.22"]
[Round "5"]
[White "Tsekmes, Dimitrios"]
[Black "Capone, Nicola"]
[Result "1-0"]
[WhiteElo "2098"]
[BlackElo "2329"]
[PlyCount "169"]
[EventDate "2017.07.19"]
[EventType "swiss"]
[EventRounds "9"]
[EventCountry "GRE"]
[SourceTitle "EXT 2018"]
[Source "ChessBase"]
[SourceDate "2017.10.13"]
[SourceVersion "1"]
[SourceVersionDate "2017.10.13"]
[SourceQuality "1"]

1. e4 e6 2. d4 d5 3. Nd2 Nc6 4. Ngf3 Nf6 5. e5 Nd7 6. Be2 f6 7. exf6 Qxf6 8. Nf1 Bd6 9. Ne3 b6 10. Ng4 Qf5 11. Ne3 Qf6 12. Ng4 Qe7 13. Bg5 Qf7 14. 0-0 h6 15. Bh4 Bb7 16. Bb5 Qh5 17. h3 0-0 18. Bg3 Nf6 19. Bxc6 Bxc6 20. Nfe5 Qe8 21. Nxf6+ Rxf6 22. Re1 Bb7 23. Qd2 Rf5 24. Re3 Rd8 25. Rae1 Bc8 26. Bh4 Bxe5 27. Rxe5 Rxe5 28. Rxe5 Rd6 29. Bg3 Qg6 30. Re3 Rd7 31. Be5 Rf7 32. Rg3 Qe4 33. Qd3 Qf5 34. Qxf5 exf5 35. Rc3 Bb7 36. Bxc7 Rd7 37. Be5 Kf7 38. Rg3 g6 39. Rc3 Ke6 40. f3 Kf7 41. a4 Ke8 42. Kf2 Rd8 43. Ke3 Rc8 44. Rxc8+ Bxc8 45. Bb8 a6 46. Kf4 Be6 47. Ke5 Ke7 48. h4 b5 49. axb5 axb5 50. Bd6+ Kf7 51. g3 f4 52. Kxf4 Bf5 53. c3 Ke6 54. Bf8 h5 55. Kg5 Bd3 56. g4 hxg4 57. fxg4 Bc2 58. Bg7 Bd1 59. h5 gxh5 60. gxh5 Bc2 61. h6 Bh7 62. Kf4 Bg6 63. Ke3 Kd6 64. Bf8+ Kd7 65. Kd2 Kc6 66. Kc1 Bh7 67. b3 Bg6 68. Kb2 Bh7 69. Ka3 Bg6 70. Kb4 Bd3 71. Ka5 Kb7 72. Kb4 Kc6 73. Be7 Kb6 74. Bg5 Kc6 75. Ka5 Kb7 76. Bd2 Kc7 77. Ka6 Kc6 78. Ka7 Bf5 79. Kb8 Kb6 80. Bf4 Kc6 81. Bc7 Kd7 82. Kb7 Bg6 83. Kb6 Bd3 84. Be5 Ke6 85. Kc5 1-0

[Event "Anogia op 6th"]
[Site "Anogia"]
[Date "2017.07.11"]
[Round "3"]
[White "Macovei, Andrei"]
[Black "Tsekmes, Dimitrios"]
[Result "0-1"]
[WhiteElo "2352"]
[BlackElo "2098"]
[PlyCount "119"]
[EventDate "2017.07.10"]
[EventType "swiss"]
[EventRounds "9"]
[EventCountry "GRE"]
[SourceTitle "CBM 179 Extra"]
[Source "ChessBase"]
[SourceDate "2017.08.23"]
[SourceVersion "1"]
[SourceVersionDate "2017.08.23"]
[SourceQuality "1"]

1. e4 e5 2. Nf3 Nc6 3. Bb5 a6 4. Ba4 Nf6 5. 0-0 Be7 6. Re1 b5 7. Bb3 d6 8. c3 0-0 9. h3 Nb8 10. d4 Nbd7 11. c4 c6 12. a3 Qc7 13. Nc3 Bb7 14. Be3 Rad8 15. Rc1 Qb8 16. Ba2 bxc4 17. dxe5 dxe5 18. Qc2 c5 19. Nd2 Qa8 20. Bg5 Nb8 21. Nxc4 Nc6 22. Bxf6 Bxf6 23. Nb6 Qa7 24. Nbd5 Bg5 25. Rcd1 Nd4 26. Qd3 Qb8 27. b4 cxb4 28. axb4 Qd6 29. Qg3 Bh6 30. Rd3 Rfe8 31. Kh1 Qg6 32. Qxg6 hxg6 33. h4 Ne6 34. Red1 Kf8 35. g3 Rd6 36. Ne2 Rc8 37. Bb3 Rcd8 38. Kh2 Ba8 39. Ra1 Bb7 40. Rc3 Bd2 41. Rc2 Bh6 42. Rd1 Bc6 43. Rc3 Bb7 44. Kh3 Bc8 45. Kg2 Bb7 46. Rf1 Bd2 47. Rc2 Bxb4 48. Nxb4 Bxe4+ 49. Kh3 Bxc2 50. Nxc2 Rd2 51. Ng1 Nc5 52. Bxf7 Kxf7 53. Ne3 Ne4 54. Ng4 Rd1 55. Rxd1 Rxd1 56. Nf3 a5 57. Nfxe5+ Ke6 58. Nc4 a4 59. f3 Nd6 60. Nb2 0-1

[Event "Paleochora op 9th"]
[Site "Paleochora"]
[Date "2016.07.25"]
[Round "7"]
[White "Tsekmes, Dimitrios"]
[Black "Maki Uuro, Miika"]
[Result "1/2-1/2"]
[WhiteElo "2094"]
[BlackElo "2348"]
[PlyCount "60"]
[EventDate "2016.07.20"]
[EventType "swiss"]
[EventRounds "9"]
[EventCountry "GRE"]
[SourceTitle "EXT 2017"]
[Source "ChessBase"]
[SourceDate "2016.10.25"]
[SourceVersion "1"]
[SourceVersionDate "2016.10.25"]
[SourceQuality "1"]

1. e4 c5 2. Nf3 g6 3. c3 d5 4. exd5 Qxd5 5. d4 Bg7 6. Be3 cxd4 7. cxd4 Nf6 8. Nc3 Qa5 9. Bc4 0-0 10. 0-0 Bg4 11. h3 Bxf3 12. Qxf3 Nc6 13. Rad1 Rac8 14. a3 e5 15. Ba2 exd4 16. Bxd4 Nxd4 17. Rxd4 Rc7 18. Nd5 Nxd5 19. Rxd5 Qb6 20. b4 Rc3 21. Rd3 Rxd3 22. Qxd3 Qd4 23. Qb3 Qf4 24. g3 Qf5 25. Qd5 Qxd5 26. Bxd5 b6 27. Kg2 Rc8 28. Rd1 Rc3 29. Bf3 Be5 30. Rd7 Rc7 1/2-1/2

[Event "Anogia op 5th"]
[Site "Anogia"]
[Date "2016.07.13"]
[Round "2"]
[White "Theodorou, Nikolas"]
[Black "Tsekmes, Dimitrios"]
[Result "1-0"]
[WhiteElo "2450"]
[BlackElo "2094"]
[PlyCount "39"]
[EventDate "2016.07.12"]
[EventType "swiss"]
[EventRounds "9"]
[EventCountry "GRE"]
[SourceTitle "CBM 173 Extra"]
[Source "ChessBase"]
[SourceDate "2016.08.29"]
[SourceVersion "1"]
[SourceVersionDate "2016.08.29"]
[SourceQuality "1"]

1. Nf3 d5 2. c4 c6 3. g3 Bg4 4. Bg2 e6 5. 0-0 Nd7 6. d4 Ngf6 7. Qb3 Qb6 8. Nc3 Be7 9. h3 Bh5 10. c5 Qa6 11. Re1 Ne4 12. Nxe4 dxe4 13. Nd2 Bxe2 14. Nxe4 Nf6 15. Bf4 Nxe4 16. Bxe4 Bf6 17. Bd6 0-0-0 18. Qb4 Rhe8 19. Rxe2 Qxe2 20. Bxc6 1-0

[Event "GRE-chT 44th"]
[Site "Achaia"]
[Date "2016.07.10"]
[Round "7.14"]
[White "Deligiannis, Paraskevas1111"]
[Black "Tsekmes, Dimitrios"]
[Result "1/2-1/2"]
[WhiteElo "2042"]
[BlackElo "2094"]
[PlyCount "95"]
[EventDate "2016.07.05"]
[EventType "team-swiss"]
[EventRounds "7"]
[EventCountry "GRE"]
[SourceTitle "CBM 173 Extra"]
[Source "ChessBase"]
[SourceDate "2016.08.29"]
[SourceVersion "1"]
[SourceVersionDate "2016.08.29"]
[SourceQuality "1"]
[WhiteTeam "Patras Sailing"]
[BlackTeam "Xanthi CN"]
[WhiteTeamCountry "GRE"]
[BlackTeamCountry "GRE"]

1. c4 e5 2. g3 Nf6 3. Bg2 d5 4. cxd5 Nxd5 5. Nf3 Nc6 6. 0-0 Be7 7. d4 e4 8. Ne5 f5 9. Nxc6 bxc6 10. Qc2 Qd6 11. f3 exf3 12. Bxf3 0-0 13. Nc3 Bf6 14. Rd1 Nb4 15. Qa4 g5 16. a3 Nd5 17. e4 Nb6 18. Qb3+ Be6 19. d5 Bf7 20. exf5 cxd5 21. Nxd5 Rad8 22. Nxf6+ Qxf6 23. Qe3 Rxd1+ 24. Bxd1 h6 25. Bd2 Nc4 26. Bc3 Nxe3 27. Bxf6 Nxf5 28. Ba4 Bd5 29. Bc3 c6 30. Re1 h5 31. Re5 Kh7 32. Bc2 Kg6 33. h3 g4 34. h4 Rf6 35. b4 Be6 36. Rc5 Rf8 37. Rxc6 Kf7 38. Bxf5 Bxf5 39. Rc7+ Ke6 40. Rxa7 Rc8 41. Ra6+ Kd5 42. Ra5+ Ke4 43. Re5+ Kd3 44. Be1 Be4 45. a4 Rc2 46. b5 Re2 47. Bf2 Ra2 48. Kf1 1/2-1/2

[Event "GRE-chT 44th"]
[Site "Achaia"]
[Date "2016.07.08"]
[Round "5.15"]
[White "Tsihlis, Ioannis"]
[Black "Tsekmes, Dimitrios"]
[Result "0-1"]
[WhiteElo "1497"]
[BlackElo "2094"]
[PlyCount "64"]
[EventDate "2016.07.05"]
[EventType "team-swiss"]
[EventRounds "7"]
[EventCountry "GRE"]
[SourceTitle "CBM 173 Extra"]
[Source "ChessBase"]
[SourceDate "2016.08.29"]
[SourceVersion "1"]
[SourceVersionDate "2016.08.29"]
[SourceQuality "1"]
[WhiteTeam "St Nicholas Lato"]
[BlackTeam "Xanthi CN"]
[WhiteTeamCountry "GRE"]
[BlackTeamCountry "GRE"]

1. d4 Nf6 2. c4 c5 3. Nf3 g6 4. Nc3 Bg7 5. e4 cxd4 6. Nxd4 d6 7. f3 a6 8. Be2 e6 9. Be3 0-0 10. Qd2 Re8 11. Rd1 Qc7 12. 0-0 Nbd7 13. Bf2 b6 14. Nc2 Bf8 15. Rfe1 Bb7 16. Qe3 d5 17. Bg3 e5 18. Qg5 dxc4 19. Kh1 Rad8 20. Ne3 b5 21. Ng4 Nxg4 22. Qxg4 Nc5 23. Qg5 Bg7 24. Bf2 Ne6 25. Qh4 Nd4 26. Bf1 Qd6 27. Ne2 Qb4 28. Nxd4 exd4 29. Re2 d3 30. Red2 Bxb2 31. Bc5 Qxc5 32. Rxb2 c3 0-1

[Event "Veliko Gradiste Silver Lake op"]
[Site "Veliko Gradiste"]
[Date "2016.06.22"]
[Round "5"]
[White "Tsekmes, Dimitrios"]
[Black "Injac, Teodora"]
[Result "1/2-1/2"]
[WhiteElo "2033"]
[BlackElo "2185"]
[PlyCount "150"]
[EventDate "2016.06.19"]
[EventType "swiss"]
[EventRounds "9"]
[EventCountry "SRB"]
[SourceTitle "EXT 2017"]
[Source "ChessBase"]
[SourceDate "2016.10.25"]
[SourceVersion "1"]
[SourceVersionDate "2016.10.25"]
[SourceQuality "1"]

1. e4 e6 2. d4 d5 3. Nd2 c5 4. exd5 exd5 5. Ngf3 a6 6. dxc5 Bxc5 7. Bd3 Qe7+ 8. Qe2 Nc6 9. Nb3 Bb6 10. Qxe7+ Ngxe7 11. c3 Bg4 12. Nbd4 Nxd4 13. Nxd4 Bxd4 14. cxd4 Bf5 15. Kd2 Kd7 16. b3 Bxd3 17. Kxd3 Nc6 18. Bd2 Rae8 19. Rhe1 h5 20. f3 Rxe1 21. Rxe1 h4 22. Re2 f6 23. Re1 Re8 24. Rxe8 Kxe8 25. Ke3 Kf7 26. Bc3 g5 27. g4 Ke6 28. f4 b5 29. f5+ Kd6 30. h3 b4 31. Bd2 Kc7 32. Kd3 Kb6 33. Be1 Kb5 34. Bf2 Nd8 35. Bg1 Kc6 36. Bh2 Kd7 37. Kc2 Nc6 38. Bg1 Na7 39. Bf2 Nb5 40. Kd3 Kc6 41. Be1 a5 42. Bd2 Nd6 43. Be1 Kb5 44. Ke3 a4 45. Kd3 Ne4 46. Kc2 Nd6 47. Kd3 Nb7 48. Bd2 Nd6 49. Be1 Ne4 50. Kc2 a3 51. Kd3 Nd6 52. Bd2 Nb7 53. Kc2 Nd8 54. Kd3 Nc6 55. Be1 Ne7 56. Bd2 Ng8 57. Be3 Nh6 58. Bf2 Nf7 59. Be3 Nd8 60. Bd2 Nc6 61. Bc1 Nb8 62. Bd2 Nd7 63. Be1 Nb6 64. Bd2 Nc8 65. Be1 Nd6 66. Bd2 Ka5 67. Be1 Ne4 68. Kc2 Ng3 69. Kd3 Ne4 70. Kc2 Ng3 71. Kd3 Ne4 72. Kc2 Nd6 73. Kd3 Nf7 74. Kc2 Nd8 75. Kd3 Nc6 1/2-1/2

[Event "Veliko Gradiste Silver Lake op"]
[Site "Veliko Gradiste"]
[Date "2016.06.20"]
[Round "3"]
[White "Tsekmes, Dimitrios"]
[Black "Pantelic, Sasa"]
[Result "0-1"]
[WhiteElo "2033"]
[BlackElo "2358"]
[PlyCount "166"]
[EventDate "2016.06.19"]
[EventType "swiss"]
[EventRounds "9"]
[EventCountry "SRB"]
[SourceTitle "EXT 2017"]
[Source "ChessBase"]
[SourceDate "2016.10.25"]
[SourceVersion "1"]
[SourceVersionDate "2016.10.25"]
[SourceQuality "1"]

1. e4 c5 2. Nf3 d6 3. Bb5+ Bd7 4. Bxd7+ Qxd7 5. 0-0 Nf6 6. Re1 Nc6 7. c3 e6 8. d3 Be7 9. Nbd2 0-0 10. Ng5 Ne5 11. Qe2 Ng6 12. Nh3 e5 13. Nf1 d5 14. Bg5 h6 15. Bxf6 Bxf6 16. Ne3 d4 17. Nd5 dxc3 18. bxc3 Bd8 19. Qh5 Qe6 20. c4 Ne7 21. f4 exf4 22. Nhxf4 Qd7 23. Nxe7+ Bxe7 24. Nd5 f6 25. Rf1 Bd6 26. Rf3 Rae8 27. Raf1 Re5 28. Rf5 Rxf5 29. Rxf5 Be5 30. g3 a6 31. a4 Rf7 32. a5 Qa4 33. Rf1 Qxa5 34. Nxf6+ Bxf6 35. e5 Qd8 36. exf6 Qd4+ 37. Kg2 Qxd3 38. Qxc5 Qe4+ 39. Kg1 Rxf6 40. Rxf6 gxf6 41. Qc7 Kf8 42. Kf2 h5 43. h4 Qe7 44. Qc8+ Kg7 45. Qf5 Kh6 46. Qd5 b6 47. Qg8 a5 48. Qh8+ Kg6 49. Qg8+ Kf5 50. Qd5+ Qe5 51. Qf3+ Kg6 52. Qb3 Qc5+ 53. Kg2 Qc6+ 54. Kh2 a4 55. Qc3 Qe4 56. c5 Qe2+ 57. Kh3 Qf1+ 58. Kh2 Qf2+ 59. Kh1 Qxc5 60. Qd3+ Qf5 61. Qd6 b5 62. Qb8 Qd5+ 63. Kh2 Qa2+ 64. Kh1 Qb1+ 65. Kh2 Qc2+ 66. Kh3 Qf5+ 67. Kh2 Qd7 68. Qf8 Kf5 69. Qc5+ Kg6 70. Qf8 Qe6 71. Qb4 Kf7 72. Qxb5 a3 73. Qb7+ Kg6 74. Qb1+ f5 75. Qb8 a2 76. Qa8 Qe2+ 77. Kh1 Qf1+ 78. Kh2 a1Q 79. Qe8+ Kf6 80. Qd8+ Ke5 81. Qc7+ Ke4 82. Qc6+ Ke3 83. Qe6+ Kd2 0-1

[Event "Veliko Gradiste Silver Lake op"]
[Site "Veliko Gradiste"]
[Date "2016.06.19"]
[Round "1"]
[White "Tsekmes, Dimitrios"]
[Black "Govedarica, Radovan"]
[Result "0-1"]
[WhiteElo "2033"]
[BlackElo "2349"]
[PlyCount "88"]
[EventDate "2016.06.19"]
[EventType "swiss"]
[EventRounds "9"]
[EventCountry "SRB"]
[SourceTitle "EXT 2017"]
[Source "ChessBase"]
[SourceDate "2016.10.25"]
[SourceVersion "1"]
[SourceVersionDate "2016.10.25"]
[SourceQuality "1"]

1. e4 c5 2. Nf3 d6 3. c3 Nf6 4. Bd3 Bg4 5. h3 Bxf3 6. Qxf3 Nc6 7. Bc2 g6 8. 0-0 Bg7 9. Re1 0-0 10. Qd1 Nd7 11. d3 b5 12. Be3 b4 13. Ba4 bxc3 14. bxc3 Qc7 15. d4 cxd4 16. cxd4 Nb6 17. Nc3 Rfc8 18. Rc1 Qb7 19. Nd5 Na5 20. Nxb6 axb6 21. d5 b5 22. Bb3 b4 23. Rxc8+ Qxc8 24. Qb1 Bc3 25. Rd1 Nxb3 26. Qxb3 Qa6 27. Bd4 Qxa2 28. Qxa2 Rxa2 29. Bxc3 bxc3 30. Rc1 Re2 31. Rxc3 Rxe4 32. Rd3 Re1+ 33. Kh2 g5 34. Kg3 Kg7 35. h4 h6 36. hxg5 hxg5 37. f4 Kg6 38. fxg5 Kxg5 39. Kf2 Re4 40. Kf3 Kf5 41. Ra3 Rd4 42. Ra7 Kf6 43. Ra5 e5 44. dxe6 fxe6 0-1

[Event "GRE-chT 43rd"]
[Site "Porto Rio"]
[Date "2015.10.11"]
[Round "6.8"]
[White "Tsekmes, Dimitrios"]
[Black "Sidiropoulos, Nikolaos"]
[Result "1/2-1/2"]
[WhiteElo "2086"]
[BlackElo "1941"]
[PlyCount "83"]
[EventDate "2015.10.08"]
[EventType "team-swiss"]
[EventRounds "7"]
[EventCountry "GRE"]
[SourceTitle "CBM 168 Extra"]
[Source "ChessBase"]
[SourceDate "2015.10.29"]
[SourceVersion "1"]
[SourceVersionDate "2015.10.29"]
[SourceQuality "1"]
[WhiteTeam "Alexandroupolis Ethnikos"]
[BlackTeam "Piraikos"]
[WhiteTeamCountry "GRE"]
[BlackTeamCountry "GRE"]

1. e4 e5 2. Nf3 Nc6 3. Bc4 Nf6 4. d3 Bc5 5. 0-0 0-0 6. c3 d6 7. Bb3 Bg4 8. h3 Bh5 9. Nbd2 d5 10. Re1 dxe4 11. dxe4 Bg6 12. Bc2 Nh5 13. b4 Bb6 14. Nc4 f6 15. a4 Bf7 16. Bb3 a6 17. Nxb6 cxb6 18. Bxf7+ Rxf7 19. Qb3 Nf4 20. Be3 Rc8 21. Rad1 Qc7 22. Rd2 g5 23. Red1 Kg7 24. Bxf4 exf4 25. Qe6 Rd8 26. Nd4 Nxd4 27. cxd4 Re7 28. Qf5 h6 29. h4 Qc8 30. hxg5 hxg5 31. Qxc8 Rxc8 32. f3 Rc4 33. Rb2 Kf7 34. a5 b5 35. d5 Rd7 36. Kf2 Ke7 37. Rh1 Rdc7 38. Rh7+ Kd6 39. Rxc7 Kxc7 40. Ke2 Kd6 41. Kd3 Kd7 42. Rb3 1/2-1/2

[Event "GRE-chT 43rd"]
[Site "Porto Rio"]
[Date "2015.10.10"]
[Round "4.14"]
[White "Halioris, Stefanos Anthimos"]
[Black "Tsekmes, Dimitrios"]
[Result "0-1"]
[WhiteElo "1659"]
[BlackElo "2086"]
[PlyCount "102"]
[EventDate "2015.10.08"]
[EventType "team-swiss"]
[EventRounds "7"]
[EventCountry "GRE"]
[SourceTitle "CBM 168 Extra"]
[Source "ChessBase"]
[SourceDate "2015.10.29"]
[SourceVersion "1"]
[SourceVersionDate "2015.10.29"]
[SourceQuality "1"]
[WhiteTeam "Ikarias Tzelepis"]
[BlackTeam "Alexandroupolis Ethnikos"]
[WhiteTeamCountry "GRE"]
[BlackTeamCountry "GRE"]

1. d4 Nf6 2. c4 e6 3. Nc3 Bb4 4. Bd2 0-0 5. Nf3 Nc6 6. e3 d6 7. a3 Bxc3 8. Bxc3 Ne4 9. Qc2 Nxc3 10. Qxc3 a5 11. Bd3 Qe7 12. 0-0 a4 13. e4 e5 14. d5 Nb8 15. c5 Bg4 16. cxd6 cxd6 17. Nd2 Rc8 18. Qb4 Nd7 19. f3 Nc5 20. Bb5 Bd7 21. Bxd7 Qxd7 22. Nc4 Qd8 23. Qb6 Nb3 24. Qxd8+ Rxd8 25. Rad1 b5 26. Ne3 Rac8 27. Rd3 g6 28. Rc3 Rxc3 29. bxc3 Rc8 30. Nd1 Nd2 31. Rf2 Nb1 32. Ra2 Rc5 33. Kf2 Nxc3 34. Nxc3 Rxc3 35. Ke2 Rb3 36. Kd2 Kf8 37. Kc2 Ke7 38. Rb2 Rxb2+ 39. Kxb2 Kd7 40. Kc3 Kc7 41. g3 Kb6 42. Kb4 Ka6 43. f4 f6 44. h3 Kb6 45. Kc3 Kc5 46. Kd3 b4 47. axb4+ Kxb4 48. g4 g5 49. h4 h6 50. fxg5 fxg5 51. hxg5 hxg5 0-1

[Event "GRE-chT 43rd"]
[Site "Porto Rio"]
[Date "2015.10.09"]
[Round "3.12"]
[White "Tsekmes, Dimitrios"]
[Black "Kiriakakis, Panagiotis"]
[Result "1-0"]
[WhiteElo "2086"]
[BlackElo "1264"]
[PlyCount "57"]
[EventDate "2015.10.08"]
[EventType "team-swiss"]
[EventRounds "7"]
[EventCountry "GRE"]
[SourceTitle "CBM 168 Extra"]
[Source "ChessBase"]
[SourceDate "2015.10.29"]
[SourceVersion "1"]
[SourceVersionDate "2015.10.29"]
[SourceQuality "1"]
[WhiteTeam "Alexandroupolis Ethnikos"]
[BlackTeam "Chania Kaissa"]
[WhiteTeamCountry "GRE"]
[BlackTeamCountry "GRE"]

1. e4 c5 2. Nf3 d6 3. c3 Nf6 4. Bd3 g6 5. 0-0 Bg7 6. Bc2 0-0 7. h3 a6 8. d4 cxd4 9. cxd4 Nc6 10. Nc3 Bd7 11. Bf4 Qa5 12. Re1 Qb4 13. a3 Qb6 14. e5 Ne8 15. Nd5 Qa7 16. Bg5 e6 17. Ne7+ Kh8 18. Nxc6 Bxc6 19. Be7 Rg8 20. Ng5 Bf8 21. Nxf7+ Kg7 22. Bxf8+ Kxf8 23. Ng5 b5 24. Nxe6+ Ke7 25. d5 Bb7 26. exd6+ Kd7 27. b4 Nxd6 28. Nc5+ Kd8 29. Qg4 1-0